[Event "Bucaramanga Santander Cup"]
[Site "Bucaramanga"]
[Date "2022.07.22"]
[Round "4"]
[White "Duran, Ricardo"]
[Black "Serrano Jimenez, Adriana Valentina"]
[Result "1-0"]
[WhiteElo "1806"]
[BlackElo "1422"]
[PlyCount "54"]
[EventDate "2022.07.20"]
[EventType "swiss"]
[EventRounds "8"]
[EventCountry "COL"]
[SourceTitle "EXT 2023"]
[Source "ChessBase"]
[SourceDate "2022.10.05"]
[SourceVersion "1"]
[SourceVersionDate "2022.10.05"]
[SourceQuality "1"]

1. d4 d5 2. Bf4 Nf6 3. e3 Bf5 4. c4 e6 5. Qb3 Nc6 6. Qxb7 Bb4+ 7. Nc3 Rb8 8. Qxc6+ Qd7 9. Qxc7 Ra8 10. Qxd7+ Nxd7 11. c5 Rc8 12. Bb5 e5 13. Bxe5 0-0 14. Nf3 f6 15. Bd6 Rfe8 16. 0-0 Be6 17. Rac1 Red8 18. a3 Ba5 19. b4 Bc7 20. Bxc7 Rxc7 21. Bd3 g6 22. b5 Rcc8 23. a4 Nf8 24. a5 Rb8 25. b6 axb6 26. axb6 Bd7 27. Bb5 f5 1-0

[Event "Feria de las Flores 28th"]
[Site "Medellin"]
[Date "2021.08.06"]
[Round "4"]
[White "Duran, Ricardo"]
[Black "Ospina Betancur, Santiago"]
[Result "0-1"]
[WhiteElo "1885"]
[BlackElo "1280"]
[PlyCount "100"]
[EventDate "2021.08.04"]
[EventType "swiss"]
[EventRounds "9"]
[EventCountry "COL"]
[SourceTitle "EXT 2022"]
[Source "ChessBase"]
[SourceDate "2021.10.06"]
[SourceVersion "1"]
[SourceVersionDate "2021.10.06"]
[SourceQuality "1"]

1. d4 f5 2. Bf4 Nf6 3. e3 g6 4. Be2 Bg7 5. h4 h6 6. Nc3 d6 7. Nf3 0-0 8. Nh2 Nfd7 9. Bc4+ Kh8 10. Nf3 e5 11. Bg5 Qe8 12. Nd5 Na6 13. Bb3 c6 14. Ne7 e4 15. Nd2 Nf6 16. Nxc8 Rxc8 17. Bf4 d5 18. a3 c5 19. c3 c4 20. Bc2 Qe7 21. Be5 Nh5 22. Bxg7+ Kxg7 23. g3 Nf6 24. a4 g5 25. hxg5 hxg5 26. Ke2 Rh8 27. Qg1 Qd6 28. Nf1 Qb6 29. Rb1 Rxh1 30. Qxh1 Rh8 31. Qg2 Nc7 32. b4 cxb3 33. Rxb3 Qa6+ 34. Kd2 Qxa4 35. Rxb7 Qc6 36. Rxa7 Kg6 37. Ra3 Nb5 38. Rb3 Rc8 39. g4 Nxg4 40. Ng3 Nxc3 41. Nxf5 Kxf5 42. f3 Nf6 43. Qh3+ Kg6 44. f4 Nb1+ 45. Bxb1 Qc1+ 46. Ke2 Rc2+ 47. Bxc2 Qxc2+ 48. Kf1 Qxb3 49. fxg5 Qd1+ 50. Kg2 Qg4+ 0-1

[Event "Feria de las Flores 28th"]
[Site "Medellin"]
[Date "2021.08.05"]
[Round "2"]
[White "Duran, Ricardo"]
[Black "Gonzalez Bolivar, Juan Jose"]
[Result "1-0"]
[WhiteElo "1885"]
[BlackElo "1390"]
[PlyCount "107"]
[EventDate "2021.08.04"]
[EventType "swiss"]
[EventRounds "9"]
[EventCountry "COL"]
[SourceTitle "EXT 2022"]
[Source "ChessBase"]
[SourceDate "2021.10.06"]
[SourceVersion "1"]
[SourceVersionDate "2021.10.06"]
[SourceQuality "1"]

1. d4 Nf6 2. Bf4 e6 3. e3 d5 4. Nd2 c5 5. c3 Nc6 6. Ngf3 Bd6 7. Bg3 cxd4 8. exd4 Qc7 9. Bh4 Be7 10. Bb5 Bd7 11. 0-0 h6 12. Re1 Bd6 13. a4 a6 14. Bd3 Nh5 15. b4 g5 16. Bg3 Nf4 17. Bf1 Ne7 18. Qb3 Nf5 19. c4 g4 20. c5 Be7 21. Ne5 Nxg3 22. Qxg3 Nh5 23. Qc3 Rg8 24. b5 f6 25. Nxd7 Qxd7 26. Qe3 Kf7 27. Bd3 f5 28. g3 Bg5 29. Qe2 Nf6 30. f4 gxf3 31. Nxf3 Qe8 32. bxa6 bxa6 33. Bxa6 Ne4 34. Bb5 Qd8 35. Ne5+ Kg7 36. Qh5 Qf6 37. Rab1 Rab8 38. c6 Kh7 39. Bd3 Rxb1 40. Rxb1 Be3+ 41. Kg2 Bxd4 42. Rb7+ Rg7 43. Nf3 Rxb7 44. cxb7 Ba7 45. Bxe4 fxe4 46. Ne5 Qf2+ 47. Kh3 Qf1+ 48. Kh4 Qf6+ 49. Kg4 Qg7+ 50. Kh3 Bb8 51. Qf7 d4 52. Qxg7+ Kxg7 53. Nc6 Bc7 54. Nxd4 1-0

[Event "COL-ch Universities"]
[Site "Bogota"]
[Date "2015.10.06"]
[Round "4"]
[White "Duran, Ricardo"]
[Black "Riveros, Sergio Andres"]
[Result "1-0"]
[WhiteElo "1965"]
[BlackElo "1931"]
[PlyCount "57"]
[EventDate "2015.10.05"]
[EventType "swiss"]
[EventRounds "6"]
[EventCountry "COL"]
[SourceTitle "CBM 168 Extra"]
[Source "ChessBase"]
[SourceDate "2015.10.29"]
[SourceVersion "1"]
[SourceVersionDate "2015.10.29"]
[SourceQuality "1"]

1. e4 e5 2. Nf3 Nc6 3. Bc4 Bc5 4. c3 Nf6 5. d3 d6 6. b4 Bb6 7. a4 a6 8. 0-0 h6 9. Kh1 Bg4 10. Nbd2 Qd7 11. Bb3 Ne7 12. Nc4 Ba7 13. Be3 g5 14. Ba2 Ng6 15. Bxa7 Rxa7 16. Ne3 Bh5 17. Nf5 Kf8 18. Qe1 Bg4 19. d4 Bxf5 20. exf5 Qxf5 21. Bb1 e4 22. Nd2 Nf4 23. Nxe4 Qg4 24. Ng3 Qh4 25. Nf5 Qg4 26. Qe7+ Kg8 27. Qd8+ Kh7 28. Nxh6+ Kg7 29. Qxf6+ 1-0

[Event "Santander Departamental-ch"]
[Site "Santander"]
[Date "2013.11.30"]
[Round "6"]
[White "Ortiz, Javier"]
[Black "Duran, Ricardo"]
[Result "1-0"]
[WhiteElo "2086"]
[BlackElo "1674"]
[PlyCount "74"]
[EventDate "2013.11.28"]
[EventType "swiss"]
[EventRounds "8"]
[EventCountry "COL"]
[SourceTitle "CBM 157 Extra"]
[Source "ChessBase"]
[SourceDate "2013.12.19"]
[SourceVersion "1"]
[SourceVersionDate "2013.12.19"]
[SourceQuality "1"]

1. e4 e5 2. Nf3 Nc6 3. Bb5 a6 4. Ba4 Nf6 5. 0-0 b5 6. Bb3 Bc5 7. c3 0-0 8. d4 Ba7 9. Bg5 d6 10. h3 h6 11. Bh4 Re8 12. d5 Nb8 13. Nbd2 Nbd7 14. Bc2 a5 15. Re1 Nf8 16. Nf1 Ng6 17. Bg3 Nh5 18. Kh2 Nxg3 19. fxg3 Bd7 20. Qd3 Qb8 21. Ne3 Qb7 22. Nf5 Ne7 23. N3h4 Bxf5 24. Nxf5 Nxf5 25. exf5 f6 26. Re4 b4 27. Ba4 bxc3 28. bxc3 Reb8 29. Bc6 Qc8 30. Bxa8 Rxa8 31. Rg4 Qd7 32. Rb1 Bb6 33. h4 Qe8 34. Qf3 Rd8 35. a4 Rd7 36. Rb5 Re7 37. Re4 Qa8 1-0

[Event "Santander UDI Cup"]
[Site "Santander"]
[Date "2013.06.01"]
[Round "3"]
[White "Duran, Ricardo"]
[Black "Nieto, Guillermo Luigui"]
[Result "0-1"]
[WhiteElo "1561"]
[BlackElo "1949"]
[PlyCount "56"]
[EventDate "2013.05.31"]
[EventType "swiss"]
[EventRounds "8"]
[EventCountry "COL"]
[SourceTitle "CBM 154 Extra"]
[Source "ChessBase"]
[SourceDate "2013.06.25"]
[SourceVersion "2"]
[SourceVersionDate "2013.06.25"]
[SourceQuality "1"]

1. e4 d5 2. exd5 Nf6 3. Nf3 Qxd5 4. Nc3 Qd6 5. d4 c6 6. Be2 Bg4 7. 0-0 e6 8. Ne5 Bxe2 9. Nxe2 Qc7 10. f4 Nbd7 11. c4 Bd6 12. c5 Be7 13. Ng3 Nd5 14. Bd2 N7f6 15. f5 Bxc5 16. dxc5 Qxe5 17. fxe6 fxe6 18. Qa4 0-0 19. b3 Qb2 20. Bg5 Nd7 21. Ne4 b5 22. cxb6 N7xb6 23. Qxc6 Qd4+ 24. Nf2 Rxf2 25. Qxe6+ Kh8 26. Kh1 Raf8 27. Rfe1 Qxa1 28. Rxa1 Rf1+ 0-1